000 00543nam a2200157Ia 4500
008 210716s2011 xx 000 0 und d
020 _a9780070621053
041 _aeng
082 _a658.404 UDDK
100 _aKohli, Uddesh.
245 _aProject management handbook: for engineers construction professionals and business managers.
_bFor engineers construction professionals and business managers
250 _a1
260 _aNew Delhi
_bTata McGraw Hill Publishing Company Ltd
_c2011
300 _axvi,518
650 _aProject Management
999 _c209649
_d209649